| 000 | 01396nam1a2200313 i 4500 | ||
|---|---|---|---|
| 001 | RU\NLR\bibl\1229753 | ||
| 005 | 20260510063307.0 | ||
| 035 | _a(NLR Aleph) 001216037 | ||
| 090 |
_a108438 _c108438 |
||
| 100 | _a20080520d20079999u y0rusy50 ca | ||
| 101 | 0 | _arus | |
| 102 | _aRU | ||
| 105 | _a||||z ||||| | ||
| 200 | 1 |
_aХрестоматия по истории русской литературной критики _e[учебное пособие] _fФедер. агентство по образованию, ГОУ ВПО "Иркут. гос. ун-т" _g[авт.-сост. Н.Н. Подрезова] |
|
| 210 |
_aИркутск _cИзд-во Иркутского государственного университета _d2007 |
||
| 215 | _d20 | ||
| 463 | 0 | _10011192640 | |
| 463 | 0 | _10011906748 | |
| 606 | 1 |
_aЛитературная критика _jХрестоматии для высших учебных заведений _yРоссия _91032569 _3RU\NLR\auth\6678533 |
|
| 686 | _aШ4г(2) | ||
| 702 | 1 |
_aПодрезова _bН. Н. _gНаталья Николаевна _4220 |
|
| 712 | 0 | 2 |
_4570 _aИркутский государственный университет _3RU\NLR\AUTH\889924364 _9344597 |
| 801 | 0 |
_aRU _bNLR _c20080520 _gRCR |
|
| 801 | 1 |
_aRU _bNLR _c20080520 |
|
| 830 | _aпо эк | ||
| 852 |
_aNLR _j2008-3/5267 |
||
| 942 | _cBOOK | ||